Estadísticas para Los fichajes más caros del fútbol - Futbolistas belgas

Haz click aquí para intentar la prueba.

Estadísticas generales

  • Esta prueba ha sido intentada 49 veces
  • La puntuación promedio es 7 de 10

Estadísticas de respuestas

Coste (M €)TemporadaÚltimo clubNuevo clubJugador% Correcto
115,002019-2020ChelseaReal MadridEden Hazard
95%
76,002015-2016VfL WolfsburgoManchester CityKevin De Bruyne
93%
113,002021-2022InterChelseaRomelu Lukaku
93%
84,702017-2018EvertonManchester UnitedRomelu Lukaku
93%
74,002019-2020Manchester UnitedInterRomelu Lukaku
93%
60,002023-2024Stade RennesManchester CityJérémy Doku
70%
45,002019-2020MónacoLeicester CityYouri Tielemans
53%
40,002012-2013BenficaZenitAxel Witsel
37%
62,102023-2024SouthamptonChelseaRoméo Lavia
35%
46,502015-2016Aston VillaLiverpoolChristian Benteke
33%

Distribución de puntuación

Porcentaje por número respondido

Porcentaje de gente con cada puntuación

Historial de tus puntuaciones

No has intentado esta prueba.